[Event "SRB-chT 2nd League West"]
[Site "Kragujevac"]
[Date "2019.09.07"]
[Round "2.4"]
[White "Suhartovic, Branislav"]
[Black "Zivanic, Slobodan"]
[Result "1/2-1/2"]
[WhiteElo "2167"]
[BlackElo "2039"]
[PlyCount "28"]
[EventDate "2019.09.06"]
[EventType "team-tourn"]
[EventRounds "11"]
[EventCountry "SRB"]
[SourceTitle "EXT 2020"]
[Source "ChessBase"]
[SourceDate "2019.10.17"]
[SourceVersion "1"]
[SourceVersionDate "2019.10.17"]
[SourceQuality "1"]
[WhiteTeam "Aleksandrovac"]
[BlackTeam "Uzice Sloboda"]
[WhiteTeamCountry "SRB"]
[BlackTeamCountry "SRB"]

1. e4 c5 2. Nc3 Nc6 3. f4 d6 4. Bb5 Bd7 5. Nf3 a6 6. Bxc6 Bxc6 7. 0-0 e6 8. Qe1 Be7 9. Qg3 g6 10. d3 Nf6 11. Kh1 Nh5 12. Qf2 f5 13. e5 d5 14. Bd2 0-0 1/2-1/2

[Event "SRB-chT2 West"]
[Site "Arandjelovac"]
[Date "2018.10.07"]
[Round "11.6"]
[White "Zivanic, Slobodan"]
[Black "Osatovic, Aleksandar"]
[Result "1/2-1/2"]
[WhiteElo "2068"]
[BlackElo "2169"]
[PlyCount "45"]
[EventDate "2018.09.07"]
[EventType "team-tourn"]
[EventRounds "11"]
[EventCountry "SRB"]
[SourceTitle "EXT 2021"]
[Source "ChessBase"]
[SourceDate "2020.10.23"]
[SourceVersion "1"]
[SourceVersionDate "2020.10.23"]
[SourceQuality "1"]
[WhiteTeam "Uzice Sloboda"]
[BlackTeam "Loznica Grad"]
[WhiteTeamCountry "SRB"]
[BlackTeamCountry "SRB"]

1. e4 d6 2. d4 e5 3. Nf3 exd4 4. Nxd4 Nf6 5. Nc3 Be7 6. Bf4 a6 7. Be2 Bd7 8. 0-0 Nc6 9. Bg3 0-0 10. f4 b6 11. Nb3 a5 12. e5 Ne8 13. Bf3 dxe5 14. fxe5 a4 15. Nc1 Ra5 16. Nd3 Nd4 17. Be4 g6 18. a3 Bf5 19. Nb4 Bxe4 20. Nxe4 f5 21. exf6 Nxf6 22. Nxf6+ Bxf6 23. Qd3 1/2-1/2

[Event "SRB-chT2 West"]
[Site "Arandjelovac"]
[Date "2018.10.06"]
[Round "9.5"]
[White "Zivanic, Slobodan"]
[Black "Strakos, Dalibor"]
[Result "0-1"]
[WhiteElo "2068"]
[BlackElo "2193"]
[PlyCount "56"]
[EventDate "2018.09.07"]
[EventType "team-tourn"]
[EventRounds "11"]
[EventCountry "SRB"]
[SourceTitle "EXT 2021"]
[Source "ChessBase"]
[SourceDate "2020.10.23"]
[SourceVersion "1"]
[SourceVersionDate "2020.10.23"]
[SourceQuality "1"]
[WhiteTeam "Uzice Sloboda"]
[BlackTeam "Smederevo"]
[WhiteTeamCountry "SRB"]
[BlackTeamCountry "SRB"]

1. e4 c6 2. d4 d5 3. e5 Bf5 4. Nf3 e6 5. Be2 c5 6. c3 Nc6 7. 0-0 Qb6 8. Qa4 cxd4 9. Nxd4 Bxb1 10. Rxb1 Qa5 11. Qxa5 Nxa5 12. Bb5+ Kd8 13. b4 Nc4 14. Bxc4 dxc4 15. Nb5 a6 16. Rd1+ Ke8 17. Nd4 Ne7 18. Ne2 Nd5 19. a4 a5 20. Rd4 axb4 21. Rxc4 Kd7 22. cxb4 Rxa4 23. Bd2 Be7 24. Kf1 Rc8 25. Rd4 g5 26. Ng3 Rc2 27. Ne4 Raa2 28. Rd1 Rab2 0-1

[Event "SRB-chT2 West"]
[Site "Arandjelovac"]
[Date "2018.10.05"]
[Round "8.6"]
[White "Nedeljkovic, Milivoje"]
[Black "Zivanic, Slobodan"]
[Result "0-1"]
[WhiteElo "2027"]
[BlackElo "2068"]
[PlyCount "95"]
[EventDate "2018.09.07"]
[EventType "team-tourn"]
[EventRounds "11"]
[EventCountry "SRB"]
[SourceTitle "EXT 2021"]
[Source "ChessBase"]
[SourceDate "2020.10.23"]
[SourceVersion "1"]
[SourceVersionDate "2020.10.23"]
[SourceQuality "1"]
[WhiteTeam "Krupanj"]
[BlackTeam "Uzice Sloboda"]
[WhiteTeamCountry "SRB"]
[BlackTeamCountry "SRB"]

1. e4 c5 2. c3 Nf6 3. e5 Nd5 4. d4 cxd4 5. Nf3 g6 6. Bc4 Nb6 7. Bxf7+ Kxf7 8. Ng5+ Kg7 9. Qxd4 Nc6 10. Qe4 h6 11. Nf3 d5 12. Qf4 Qe8 13. 0-0 Qf7 14. Qg3 Kh7 15. Re1 Bg7 16. h3 e6 17. Na3 Bd7 18. Nc2 Ne7 19. Ncd4 Raf8 20. b3 Nf5 21. Nxf5 Qxf5 22. Be3 Nc8 23. Rad1 g5 24. Rd4 Be8 25. h4 Bh5 26. hxg5 Bxf3 27. gxf3 Bxe5 28. g6+ Qxg6 29. Qxg6+ Kxg6 30. Rg4+ Kf6 31. c4 dxc4 32. Rxc4 Rh7 33. f4 Bd6 34. Rec1 Nb6 35. Re4 Nd5 36. Re1 Nxe3 37. fxe3 a6 38. Kf2 Bc5 39. Rh1 Rd8 40. Rc4 b6 41. Ke2 h5 42. e4 Rd4 43. Rxd4 Bxd4 44. Kf3 Bc5 45. Rh2 e5 46. f5 Bd4 47. Rc2 h4 48. Kg2 0-1

[Event "SRB-chT 1st League"]
[Site "Serbia"]
[Date "2005.09.28"]
[Round "6.4"]
[White "Narancic, Vlado"]
[Black "Zivanic, Slobodan"]
[Result "1/2-1/2"]
[WhiteElo "2346"]
[BlackElo "2262"]
[PlyCount "84"]
[EventDate "2005.09.25"]
[EventType "team"]
[EventRounds "11"]
[EventCountry "SRB"]
[SourceTitle "EXT 2012"]
[Source "ChessBase"]
[SourceDate "2011.11.24"]
[SourceVersion "1"]
[SourceVersionDate "2011.11.24"]
[SourceQuality "1"]
[WhiteTeam "Borac"]
[BlackTeam "Sloboda Bohor"]
[WhiteTeamCountry "SRB"]
[BlackTeamCountry "SRB"]

1. e4 c5 2. Nf3 e6 3. d3 Nc6 4. Nbd2 d6 5. g3 Nf6 6. Bg2 Be7 7. 0-0 0-0 8. Re1 Rb8 9. a4 a6 10. c3 b5 11. axb5 axb5 12. d4 Qb6 13. e5 dxe5 14. dxe5 Nd7 15. Qc2 Bb7 16. Nf1 Ra8 17. Rb1 Rfc8 18. h4 c4 19. h5 b4 20. N1h2 Ra2 21. Re4 Na5 22. Rd4 Qb5 23. Bg5 Bf8 24. Bf4 Bc5 25. Ng5 Nf8 26. Bxb7 Qxb7 27. Rdd1 bxc3 28. Qxc3 h6 29. Ngf3 Bb4 30. Qe3 Bc5 31. Nd4 Rxb2 32. Rxb2 Qxb2 33. Bxh6 Nh7 34. Qe4 gxh6 35. Ng4 Ng5 36. Nxh6+ Kg7 37. Nhf5+ exf5 38. Qxf5 Bxd4 39. Qxg5+ Kf8 40. Qh6+ Ke8 41. Qh8+ Ke7 42. Qf6+ Ke8 1/2-1/2

[Event "SRB-chT 1st League"]
[Site "Serbia"]
[Date "2005.09.26"]
[Round "2.2"]
[White "Zivanic, Slobodan"]
[Black "Zivkovic, Momcilo"]
[Result "1/2-1/2"]
[WhiteElo "2262"]
[BlackElo "2148"]
[PlyCount "40"]
[EventDate "2005.09.25"]
[EventType "team"]
[EventRounds "11"]
[EventCountry "SRB"]
[SourceTitle "EXT 2012"]
[Source "ChessBase"]
[SourceDate "2011.11.24"]
[SourceVersion "1"]
[SourceVersionDate "2011.11.24"]
[SourceQuality "1"]
[WhiteTeam "Sloboda Bohor"]
[BlackTeam "Sloga"]
[WhiteTeamCountry "SRB"]
[BlackTeamCountry "SRB"]

1. e4 e6 2. d4 d5 3. Nd2 c5 4. Ngf3 Nc6 5. exd5 Qxd5 6. Bc4 Qh5 7. dxc5 Qxc5 8. 0-0 Nf6 9. Qe2 Bd7 10. Rd1 Be7 11. Nb3 Qh5 12. Bf4 a6 13. a4 0-0 14. c3 Rfe8 15. Bg3 Bf8 16. Nbd4 Nxd4 17. Rxd4 Bc6 18. Ne5 Qxe2 19. Bxe2 Bd5 20. c4 Be4 1/2-1/2

[Event "YUG-chT2"]
[Site "Yugoslavia"]
[Date "2000.09.??"]
[Round "8"]
[White "Cabarkapa, Spasoje"]
[Black "Zivanic, Slobodan"]
[Result "0-1"]
[WhiteElo "2256"]
[BlackElo "2262"]
[PlyCount "96"]
[EventDate "2000.09.??"]
[EventType "team"]
[EventRounds "11"]
[EventCountry "YUG"]
[SourceTitle "EXT 2005"]
[Source "ChessBase"]
[SourceDate "2004.11.15"]
[SourceVersion "1"]
[SourceVersionDate "2004.11.15"]
[SourceQuality "1"]

1. e4 e5 2. Nf3 Nc6 3. Bc4 Nf6 4. d3 Be7 5. 0-0 0-0 6. c3 d6 7. a4 h6 8. a5 a6 9. Qb3 Nh7 10. Nbd2 Ng5 11. Re1 Kh8 12. Nxg5 Bxg5 13. Nf1 Rb8 14. Ng3 Bd7 15. Bd5 Bxc1 16. Rexc1 Qg5 17. Re1 Ne7 18. Bxf7 Qf6 19. Bh5 Qxf2+ 20. Kh1 Nc6 21. Rf1 Qc5 22. Rf7 Rbd8 23. Raf1 Rg8 24. Qxb7 Nxa5 25. Qd5 Qxd5 26. exd5 Nb3 27. Be2 c6 28. dxc6 Bxc6 29. Rc7 Bd5 30. Nf5 Rgf8 31. Kg1 Rf6 32. Ne3 Rxf1+ 33. Kxf1 Be6 34. Ra7 a5 35. Bd1 Rb8 36. Ra6 Nc5 37. Rxd6 Bg8 38. Bg4 Bh7 39. d4 exd4 40. cxd4 Nd3 41. Nc4 Re8 42. Be2 Be4 43. Kg1 a4 44. Bxd3 Bxd3 45. Ne5 Be4 46. Rd8 Rxd8 47. Nf7+ Kg8 48. Nxd8 Bd5 0-1

[Event "YUG-chT2"]
[Site "Yugoslavia"]
[Date "2000.09.??"]
[Round "9"]
[White "Zivanic, Slobodan"]
[Black "Bozovic, Milomir"]
[Result "1/2-1/2"]
[WhiteElo "2262"]
[BlackElo "2270"]
[PlyCount "56"]
[EventDate "2000.09.??"]
[EventType "team"]
[EventRounds "11"]
[EventCountry "YUG"]
[SourceTitle "EXT 2005"]
[Source "ChessBase"]
[SourceDate "2004.11.15"]
[SourceVersion "1"]
[SourceVersionDate "2004.11.15"]
[SourceQuality "1"]

1. d4 Nf6 2. c4 c5 3. d5 e6 4. Nc3 exd5 5. cxd5 d6 6. e4 g6 7. h3 Bg7 8. Nf3 0-0 9. Bd3 a6 10. a4 Qc7 11. 0-0 Re8 12. Bf4 Nbd7 13. Re1 Rb8 14. Nd2 Nh5 15. Bg5 Ne5 16. Be2 Nf6 17. f4 Ned7 18. Qc2 c4 19. Rac1 b5 20. axb5 axb5 21. b4 cxb3 22. Qxb3 b4 23. Nb5 Qb6+ 24. Kh2 Nc5 25. Qxb4 Bd7 26. Bxf6 Bxf6 27. Nc4 Rxe4 28. Nxb6 Rxb4 1/2-1/2

[Event "YUG-chT2"]
[Site "Yugoslavia"]
[Date "1994.??.??"]
[Round "2"]
[White "Dragojlovic, Andjelko"]
[Black "Zivanic, Slobodan"]
[Result "1-0"]
[WhiteElo "2335"]
[BlackElo "2270"]
[PlyCount "59"]
[EventDate "1994.??.??"]
[EventType "team"]
[EventRounds "11"]
[EventCountry "YUG"]
[SourceTitle "EXT 1997"]
[Source "ChessBase"]
[SourceDate "1996.11.15"]
[SourceVersion "1"]
[SourceVersionDate "1996.11.15"]
[SourceQuality "1"]

1. e4 c5 2. Nf3 Nc6 3. b3 d6 4. d4 cxd4 5. Nxd4 Nf6 6. Nxc6 bxc6 7. Bd3 e5 8. c4 Be7 9. 0-0 Be6 10. Nc3 0-0 11. Bb2 Nd7 12. Qe2 Nc5 13. Bc2 a5 14. Ba3 Na6 15. Rad1 Qc7 16. Qd3 Nb4 17. Bxb4 axb4 18. Nd5 cxd5 19. exd5 f5 20. dxe6 Rxa2 21. Bb1 Ra3 22. Qh3 g6 23. Rd5 Qc8 24. Rb5 Qxe6 25. Be4 Qf6 26. Bd5+ Kg7 27. Rxb4 h5 28. Rb7 Kh6 29. Qc3 e4 30. Qc1+ 1-0

[Event "YUG-chT FL"]
[Site "Arandjelovac"]
[Date "1990.??.??"]
[Round "7"]
[White "Gavela, Dragan"]
[Black "Zivanic, Slobodan"]
[Result "0-1"]
[WhiteElo "2350"]
[BlackElo "2290"]
[PlyCount "72"]
[EventDate "1990.??.??"]
[EventType "team"]
[EventRounds "11"]
[EventCountry "YUG"]
[SourceTitle "EXT 1997"]
[Source "ChessBase"]
[SourceDate "1996.11.15"]
[SourceVersion "1"]
[SourceVersionDate "1996.11.15"]
[SourceQuality "1"]

1. e4 c5 2. Nc3 Nc6 3. Nf3 e5 4. Bc4 d6 5. d3 h6 6. Nd5 Nf6 7. Ne3 b5 8. Bb3 Na5 9. Bd2 Nxb3 10. axb3 g6 11. 0-0 Bg7 12. b4 cxb4 13. Bxb4 0-0 14. c4 Re8 15. b3 Bb7 16. Ra5 bxc4 17. bxc4 a6 18. Qa4 Nh5 19. Nd5 f5 20. Qa3 Re6 21. Rb1 Nf4 22. Bd2 fxe4 23. dxe4 Nxd5 24. cxd5 Re7 25. Nh4 Kh7 26. Qg3 Qe8 27. Rb6 Rd8 28. Bb4 Rc7 29. Ra1 Bf8 30. Ba5 Rdc8 31. Bd2 Qf7 32. Rab1 g5 33. Nf5 Bxd5 34. Nxd6 Bxd6 35. exd5 Qxd5 36. Be3 Rc1+ 0-1